000 00694nam a2200229Ia 4500
003 OSt
005 20221007064145.0
006 a|||||r|||| 00| 0
007 ta
008 221006b |||||||| |||| 00| 0 eng d
024 _a23,539
037 _cReference Collections
040 _aFLL
_cFLL
_beng
041 _2eng
_aeng
082 _aZ1,2673, P7
100 _aPugatch Meir Perez
_9685392
245 0 _aIntellectual property debate (prospectives from law, economics and political economy
260 _aCheltenham
_bEdward Elgar UK
_c2007
300 _axiv,374p
_ccm.
942 _hZ1,2673, P7
_cREF
_2CC
999 _c1133147
_d1133147